[Event "Elit(Vasteras-Wasa)"]
[Site "?"]
[Date "2010.02.06"]
[Round "7"]
[White "Sandberg, Richard"]
[Black "Aurehl, Bo"]
[Result "1/2-1/2"]
[WhiteElo "2270"]
[BlackElo "2067"]
[PlyCount "79"]
[EventDate "2010.??.??"]

1. e4 e5 2. Nf3 Nc6 3. Bb5 a6 4. Ba4 d6 5. c3 Bd7 6. O-O Nge7 7. d4 Ng6 8. d5
Nb8 9. Bxd7+ Nxd7 10. c4 Be7 11. Nc3 h6 12. Be3 Bg5 13. Qd2 Bxe3 14. Qxe3 O-O
15. Ne1 Qe7 16. Nd3 f5 17. f3 f4 18. Qf2 h5 19. Rfc1 h4 20. h3 c5 21. dxc6 bxc6
22. c5 Rfc8 23. cxd6 Qxd6 24. Rd1 Qe7 25. Rac1 Ngf8 26. Na4 Ne6 27. Rc4 Rab8
28. b3 a5 29. Kh1 g5 30. Qb2 Rb5 31. Nc3 Rbb8 32. Ne2 Nd8 33. Qd2 Ra8 34. Rdc1
Nb6 35. Rc5 Qd6 36. Qc3 Nd7 37. Rc4 Nb6 38. Rc5 Nd7 39. Rc4 Nb6 40. Rc5 1/2-1/2

[Event "Elit(Eksjo-Kamraterna)"]
[Site "?"]
[Date "2010.02.27"]
[Round "8"]
[White "Aberg, Anton"]
[Black "Cicak, Slavko"]
[Result "0-1"]
[WhiteElo "2454"]
[BlackElo "2574"]
[PlyCount "110"]
[SourceDate "2010.02.28"]

1. c4 c5 2. Nf3 b6 3. Nc3 Bb7 4. e3 Nf6 5. d4 cxd4 6. exd4 e6 7. a3 d6 8. Be2
Be7 9. O-O O-O 10. b4 Nbd7 11. Bb2 Rc8 12. d5 exd5 13. cxd5 Ne5 14. Qb3 Nxf3+
15. Bxf3 a6 16. Rfd1 Nd7 17. Be2 Bf6 18. Ne4 Bxb2 19. Qxb2 Qe7 20. Ng3 f5 21.
Bd3 g6 22. Ne2 Qe5 23. Qxe5 dxe5 24. Rd2 Rfd8 25. Rad1 b5 26. Bb1 Nb6 27. Ba2
Rd6 28. f3 Kg7 29. Kf2 Kf6 30. Bb3 g5 31. g4 f4 32. Rd3 h5 33. h3 hxg4 34. hxg4
Nc4 35. Bxc4 bxc4 36. R3d2 c3 37. Rc2 Rxd5 38. Rxd5 Bxd5 39. Nxc3 Ke6 40. Rc1
Ba8 41. a4 Rc4 42. b5 a5 43. Ke2 Rc8 44. Kf2 Rc4 45. Ke2 Rb4 46. Rb1 Kd6 47.
Rxb4 axb4 48. Nd1 b3 49. Nb2 Kc5 50. Nd3+ Kd4 51. Kd2 Bxf3 52. b6 e4 53. Ne1
e3+ 54. Kc1 Bb7 55. a5 Kc3 0-1

[Event "Elit(Eksjo-Kamraterna)"]
[Site "?"]
[Date "2010.02.27"]
[Round "8"]
[White "Vernersson, Per"]
[Black "Svenn, Gosta"]
[Result "1-0"]
[WhiteElo "2443"]
[BlackElo "2380"]
[PlyCount "81"]

1. d4 d6 2. e4 Nf6 3. Nc3 g6 4. Nf3 Bg7 5. Be2 O-O 6. O-O a6 7. a4 b6 8. Re1
Bb7 9. Bf1 Nc6 10. h3 e5 11. dxe5 dxe5 12. Bg5 Qc8 13. Bc4 h6 14. Bh4 Re8 15.
Nd5 Nxd5 16. Bxd5 Nd4 17. Ba2 Ne6 18. c3 Bc6 19. Bd5 Bxd5 20. Qxd5 Nf4 21. Qc4
Qb7 22. b4 b5 23. Qb3 Qc6 24. axb5 axb5 25. Rad1 g5 26. Bg3 Rad8 27. Qc2 Qc4
28. Kh2 Bf6 29. Nd2 Qc6 30. Nf1 Rxd1 31. Rxd1 Rd8 32. Rxd8+ Bxd8 33. Ne3 Be7
34. f3 Qd7 35. Nf5 Bf8 36. h4 c6 37. Bxf4 exf4 38. Qe2 Kh7 39. Qc2 Kg6 40. e5
Qxf5 41. h5+ 1-0

[Event "Elit(Eksjo-Kamraterna)"]
[Site "?"]
[Date "2010.02.27"]
[Round "8"]
[White "Svensson, Bengt"]
[Black "Ornstein, Axel"]
[Result "1/2-1/2"]
[WhiteElo "2468"]
[BlackElo "2426"]
[PlyCount "73"]

1. e4 e5 2. Nf3 Nc6 3. Bb5 a6 4. Ba4 Nf6 5. O-O Be7 6. Re1 b5 7. Bb3 O-O 8. c3
d6 9. h3 Nb8 10. d4 Nbd7 11. c4 c6 12. c5 Qc7 13. cxd6 Bxd6 14. Bg5 exd4 15.
Bxf6 gxf6 16. Qxd4 Ne5 17. Nbd2 c5 18. Qe3 c4 19. Bc2 Kh8 20. Qh6 Rg8 21. Qxf6+
Rg7 22. Kh1 Be6 23. Nd4 Qc5 24. Nf5 Bxf5 25. exf5 Qxf2 26. Be4 Rag8 27. Qxd6
Nd3 28. Rg1 Qxd2 29. Bxd3 cxd3 30. Qd4 Qg5 31. Qxd3 Rd8 32. Qf3 Rd2 33. Rae1
Rg8 34. Re2 Rxe2 35. Qxe2 Qxf5 36. Rf1 Qd5 37. Qf3 1/2-1/2

[Event "Elit(Eksjo-Kamraterna)"]
[Site "?"]
[Date "2010.02.27"]
[Round "8"]
[White "de Verdier, Michael"]
[Black "Madebrink, Lars"]
[Result "1-0"]
[WhiteElo "2356"]
[BlackElo "2262"]
[PlyCount "99"]

1. Nf3 d5 2. d4 e6 3. c4 Nf6 4. g3 Be7 5. Bg2 O-O 6. O-O Nbd7 7. Qc2 a6 8. Nbd2
c5 9. dxc5 Bxc5 10. a3 dxc4 11. Nxc4 b5 12. b4 Bxf2+ 13. Rxf2 bxc4 14. Qxc4 Bb7
15. Bb2 Nb6 16. Qh4 Ne4 17. Qg4 g6 18. Rff1 Nc4 19. Rfd1 Ne3 20. Rxd8 Nxg4 21.
Rxf8+ Rxf8 22. Ng5 Nd6 23. Bxb7 Nxb7 24. Rd1 Rd8 25. Rxd8+ Nxd8 26. Ne4 Nb7 27.
h3 Ne3 28. Nf6+ Kf8 29. Nxh7+ Ke7 30. Bc1 Nd5 31. Ng5 Nd6 32. Nf3 Ne4 33. g4 f5
34. Ne5 g5 35. Kg2 Kd6 36. Nf7+ Kc6 37. Nxg5 Nec3 38. Kf3 fxg4+ 39. hxg4 e5 40.
Ne4 Nb5 41. e3 Ne7 42. Bb2 Kd5 43. Nc3+ Nxc3 44. Bxc3 Ng6 45. g5 e4+ 46. Kg4
Kc4 47. Bd4 Kb3 48. Kf5 Nh4+ 49. Kxe4 Kxa3 50. Bc5 1-0

[Event "Elit(Eksjo-Kamraterna)"]
[Site "?"]
[Date "2010.02.27"]
[Round "8"]
[White "Andersson, Michael"]
[Black "Krantz, Christopher"]
[Result "1/2-1/2"]
[WhiteElo "2223"]
[BlackElo "2293"]
[PlyCount "77"]

1. e4 e6 2. d3 d5 3. Qe2 dxe4 4. dxe4 e5 5. Nf3 Nc6 6. c3 Nf6 7. Qc2 a6 8. Be2
Bc5 9. O-O h6 10. b4 Bb6 11. Nbd2 O-O 12. Nc4 Bg4 13. Be3 Bxe3 14. Nxe3 Bxf3
15. Bxf3 Ne8 16. Rad1 Nd6 17. Rd2 Ne7 18. Rfd1 Qc8 19. Bg4 Qb8 20. Bd7 a5 21.
Nf5 Nexf5 22. exf5 Qd8 23. Bb5 e4 24. Bf1 Qf6 25. Rd5 Rfe8 26. Re1 Re5 27. Rxe5
Qxe5 28. g4 h5 29. h3 hxg4 30. hxg4 Qf4 31. Qe2 axb4 32. cxb4 e3 33. fxe3 Qg3+
34. Bg2 Rxa2 35. Qxa2 Qxe1+ 36. Kh2 Qxb4 37. e4 Qc3 38. Qd5 Qc4 39. e5 1/2-1/2

[Event "Elit(Eksjo-Kamraterna)"]
[Site "?"]
[Date "2010.02.27"]
[Round "8"]
[White "Thornert, Hakan"]
[Black "Akbarinia, Arash"]
[Result "1-0"]
[WhiteElo "2215"]
[BlackElo "2349"]
[PlyCount "71"]

1. e4 d5 2. exd5 Qxd5 3. Nc3 Qd6 4. d4 Nf6 5. Bd3 a6 6. Nge2 b5 7. Ne4 Qb6 8.
a4 Bb7 9. Nxf6+ gxf6 10. O-O e6 11. Be3 c5 12. axb5 axb5 13. Rxa8 Bxa8 14. Nc3
c4 15. Be4 Bxe4 16. Nxe4 Qd8 17. Qh5 f5 18. Ng5 Qf6 19. Bf4 Nc6 20. Re1 Kd7 21.
Nxf7 Rg8 22. Ne5+ Nxe5 23. Bxe5 Qg5 24. Qf3 Be7 25. g3 Rd8 26. Qb7+ Ke8 27.
Qxb5+ Kf7 28. Qxc4 h5 29. Qe2 Qg6 30. c3 h4 31. b4 Rc8 32. Qf3 h3 33. b5 Qg8
34. b6 Rxc3 35. Qxc3 Qa8 36. Kf1 1-0

[Event "Elit(Eksjo-Kamraterna)"]
[Site "?"]
[Date "2010.02.27"]
[Round "8"]
[White "Martensson, Ulf"]
[Black "Andersson, Johan"]
[Result "1/2-1/2"]
[WhiteElo "2113"]
[BlackElo "2090"]
[PlyCount "34"]

1. d4 d6 2. e4 Nf6 3. Nc3 c6 4. Nf3 Bg4 5. Be2 e6 6. O-O d5 7. exd5 cxd5 8. h3
Bh5 9. Ne5 Bxe2 10. Qxe2 Nc6 11. Qb5 Qc7 12. Nxc6 bxc6 13. Qd3 Rb8 14. Ne2 c5
15. Bf4 Bd6 16. Bxd6 Qxd6 17. b3 O-O 1/2-1/2

[Event "Elit(Eksjo-Kamraterna)"]
[Site "?"]
[Date "2010.02.27"]
[Round "8"]
[White "Akvist, Hakan"]
[Black "Nyberg, Ulf"]
[Result "1/2-1/2"]
[WhiteElo "2056"]
[BlackElo "2123"]
[PlyCount "117"]

1. d4 Nf6 2. c4 e6 3. Nc3 Bb4 4. a3 Bxc3+ 5. bxc3 b6 6. f3 Ba6 7. e4 Nc6 8. Bg5
h6 9. Bh4 g5 10. Bf2 Nh5 11. g3 Qf6 12. Bd3 O-O-O 13. c5 Bxd3 14. Qxd3 Kb7 15.
Ne2 d6 16. cxd6 Rxd6 17. O-O Qg6 18. Qb1 g4 19. f4 Rd7 20. a4 Nf6 21. f5 exf5
22. Nf4 Qg5 23. e5 Ne4 24. Be3 h5 25. Ng2 Qd8 26. a5 Nxc3 27. Qc2 Nxd4 28. Bxd4
Rxd4 29. Qxc3 Qd5 30. Nf4 Qc4 31. Qe3 Re4 32. Qf2 Re8 33. Rfc1 Qd4 34. Qxd4
Rxd4 35. axb6 axb6 36. Re1 Re4 37. Rxe4 fxe4 38. Nxh5 Rxe5 39. Nf6 Kc6 40. Nxg4
Re7 41. Ne3 Kd7 42. g4 Ke6 43. h4 Rd7 44. Rd1 Rd3 45. Kf2 Rb3 46. h5 Kf6 47.
Rd5 Rb1 48. g5+ Ke6 49. Rd4 f5 50. h6 Rh1 51. Rd1 Rh2+ 52. Ng2 Ke5 53. Rd8 f4
54. h7 Rxh7 55. Rf8 Rg7 56. Nxf4 Rxg5 57. Ne2 Rf5+ 58. Rxf5+ Kxf5 59. Ke3
1/2-1/2

[Event "Elit(LASK-Manhem)"]
[Site "?"]
[Date "2010.02.27"]
[Round "8"]
[White "Akesson, Joel"]
[Black "Smith, Axel"]
[Result "1/2-1/2"]
[WhiteElo "2377"]
[BlackElo "2516"]
[PlyCount "51"]
[SourceDate "2010.03.02"]

1. d4 d5 2. c4 c6 3. Nf3 e6 4. Bg5 Be7 5. Bxe7 Qxe7 6. e3 Nf6 7. Nc3 O-O 8. Rc1
Nbd7 9. Qc2 dxc4 10. Bxc4 e5 11. dxe5 Nxe5 12. Be2 Nxf3+ 13. Bxf3 Rd8 14. O-O
Bg4 15. Bxg4 Nxg4 16. h3 Nf6 17. Rfd1 Rxd1+ 18. Rxd1 Rd8 19. Rxd8+ Qxd8 20. Qf5
h6 21. e4 Qd2 22. Qc8+ Kh7 23. Qf5+ Kg8 24. Qc8+ Kh7 25. Qf5+ Kg8 26. Qc8+
1/2-1/2

[Event "Elit(LASK-Manhem)"]
[Site "?"]
[Date "2010.02.27"]
[Round "8"]
[White "Tikkanen, Hans"]
[Black "Welin, Mats"]
[Result "1/2-1/2"]
[WhiteElo "2504"]
[BlackElo "2357"]
[PlyCount "136"]

1. d4 Nf6 2. c4 e6 3. Nc3 Bb4 4. Nf3 c5 5. g3 Nc6 6. Bg2 d5 7. cxd5 Nxd5 8. Bd2
cxd4 9. Nxd4 Nxd4 10. Nxd5 Bxd2+ 11. Qxd2 e5 12. Nc3 O-O 13. e3 Nc6 14. O-O-O
Qa5 15. Qd5 Qb6 16. Qb5 Qxb5 17. Nxb5 Bg4 18. Rd2 Rac8 19. Nd6 Rc7 20. Rc2 Rd7
21. Bxc6 bxc6 22. Nc4 f6 23. b3 Rfd8 24. Kb2 Rd5 25. Rhc1 Bf5 26. Rc3 Be4 27.
f4 exf4 28. exf4 Kf7 29. Re1 Bd3 30. Re3 Bf5 31. Rc1 R8d7 32. b4 Rd4 33. a3 Kg6
34. Kb3 Bg4 35. Kc3 h5 36. Na5 R4d6 37. Kb2 Rd2+ 38. Rc2 Bf5 39. Rxd2 Rxd2+ 40.
Kb3 Rd6 41. Kc4 Bd7 42. Re7 Rd2 43. Kc3 Rd1 44. Nb3 Bg4 45. Rxa7 Rh1 46. h4 Rg1
47. Nd4 Rxg3+ 48. Kc4 Rh3 49. Kc5 Rxh4 50. f5+ Kh6 51. Kxc6 Rh1 52. Ra8 Kh7 53.
Kd5 h4 54. Rc8 Ra1 55. Rc2 Rxa3 56. b5 h3 57. b6 Ra8 58. b7 Rb8 59. Kc6 Kh6 60.
Kc7 Rxb7+ 61. Kxb7 Kg5 62. Ne6+ Kxf5 63. Nxg7+ Kf4 64. Kc7 Kg3 65. Kd6 h2 66.
Rxh2 Kxh2 67. Ke7 f5 68. Nxf5 Bxf5 1/2-1/2

[Event "Elit(LASK-Manhem)"]
[Site "?"]
[Date "2010.02.27"]
[Round "8"]
[White "Nithander, Victor"]
[Black "Bejtovic, Jasmin"]
[Result "1/2-1/2"]
[WhiteElo "2489"]
[BlackElo "2405"]
[PlyCount "102"]
[EventDate "2010.??.??"]

1. e4 c5 2. Nf3 Nc6 3. d4 cxd4 4. Nxd4 g6 5. c4 Nf6 6. Nc3 d6 7. Be2 Bg7 8. Nc2
O-O 9. Be3 a6 10. O-O Be6 11. f3 Rc8 12. Nd5 Nd7 13. Rb1 Nc5 14. Qd2 Ne5 15.
Nd4 Bd7 16. Rbc1 a5 17. Rfd1 Nc6 18. Nb5 Be6 19. b3 Re8 20. Nf4 b6 21. Nxe6
fxe6 22. Rb1 e5 23. a3 Kh8 24. Qd5 a4 25. bxa4 Nxa4 26. Qd2 Nc5 27. Bf1 Ne6 28.
Nc3 Ncd4 29. Nd5 Ra8 30. Rxb6 Rxa3 31. Rdb1 Nc5 32. Bg5 Ra8 33. Qf2 Nde6 34.
Be3 Nd4 35. Qh4 Nde6 36. Qg4 Qd7 37. h4 Nd4 38. Qxd7 Nxd7 39. Rb7 Nc5 40. Rxe7
Rxe7 41. Nxe7 Bf6 42. Nd5 Bxh4 43. Bh6 Nde6 44. Rb6 Rd8 45. Bd2 Kg7 46. Be3 Kf7
47. Kh2 Bg5 48. Bf2 Be7 49. g3 Ra8 50. Rb2 Ra3 51. Kg2 Bg5 1/2-1/2

[Event "Elit(LASK-Manhem)"]
[Site "?"]
[Date "2010.02.27"]
[Round "8"]
[White "Semcesen, Daniel"]
[Black "Moberg, Karl Johan"]
[Result "1-0"]
[WhiteElo "2489"]
[BlackElo "2322"]
[PlyCount "109"]

1. c4 e5 2. Nc3 Bb4 3. Nd5 Be7 4. d4 d6 5. e4 Nf6 6. Nxe7 Qxe7 7. f3 exd4 8.
Qxd4 Nc6 9. Qc3 O-O 10. Be3 Ne5 11. Ne2 c6 12. Ng3 Re8 13. O-O-O a6 14. Qb4 c5
15. Qd2 Be6 16. Qxd6 Qxd6 17. Rxd6 Nxc4 18. Bxc4 Bxc4 19. Kb1 Rac8 20. Rc1 Be6
21. Rxc5 Nd7 22. Rxc8 Rxc8 23. b3 Kf8 24. Bd2 Rc6 25. Rxc6 bxc6 26. Ne2 Ke7 27.
Nd4 Kd6 28. Bf4+ Kc5 29. Be3 Kd6 30. Kc2 Kc7 31. Kc3 c5 32. Nxe6+ fxe6 33. f4
g6 34. Kd3 Kc6 35. g4 Nf6 36. h3 Nd7 37. Bd2 Nf6 38. Bc3 Nd7 39. Ke3 Kd6 40. h4
Kc6 41. h5 Kd6 42. h6 g5 43. f5 e5 44. Kf3 Ke7 45. Bd2 Kf6 46. Be3 c4 47. bxc4
Nb8 48. Ke2 Nc6 49. Kf3 Nd8 50. Bc5 Nb7 51. Bf8 Kf7 52. Bg7 Nc5 53. Ke3 Nd7 54.
c5 Nxc5 55. Bxe5 1-0

[Event "Elit(LASK-Manhem)"]
[Site "?"]
[Date "2010.02.27"]
[Round "8"]
[White "Andersson, Bjorn"]
[Black "Olsson, Linus"]
[Result "1/2-1/2"]
[WhiteElo "2331"]
[BlackElo "2351"]
[PlyCount "37"]

1. e4 c5 2. c3 d5 3. exd5 Qxd5 4. d4 cxd4 5. cxd4 Nc6 6. Nf3 e5 7. Nc3 Bb4 8.
Bd2 Bxc3 9. Bxc3 e4 10. Ne5 Nxe5 11. dxe5 Ne7 12. Qe2 Bf5 13. Rd1 Qc6 14. Bb4
Qc7 15. Bd6 Qd7 16. Ba3 Qc7 17. Bd6 Qd7 18. Ba3 Qc7 19. Bd6 1/2-1/2

[Event "Elit(LASK-Manhem)"]
[Site "?"]
[Date "2010.02.27"]
[Round "8"]
[White "Nilsson, Sebastian"]
[Black "Carlhammar, Magnus"]
[Result "1/2-1/2"]
[WhiteElo "2381"]
[BlackElo "2328"]
[PlyCount "80"]

1. e4 d6 2. d4 Nf6 3. Nc3 e5 4. dxe5 dxe5 5. Qxd8+ Kxd8 6. Bg5 Be6 7. O-O-O+
Nbd7 8. f4 exf4 9. Nf3 h6 10. Bxf4 c6 11. Nd4 Bb4 12. e5 Ng4 13. Nxe6+ fxe6 14.
Ne4 Ke7 15. c3 Ba5 16. Be2 Rhf8 17. g3 Ngxe5 18. Nc5 Rxf4 19. gxf4 Nxc5 20.
fxe5 Nd7 21. Bh5 Nxe5 22. Rhg1 g5 23. Kc2 Rg8 24. Rde1 Bc7 25. h3 Ng6 26. Bxg6
Rxg6 27. Kd3 Bb6 28. Rg2 Rf6 29. Ke2 Rf4 30. Rf1 Re4+ 31. Kd2 Re5 32. Re2 Rd5+
33. Kc2 h5 34. Rfe1 g4 35. hxg4 hxg4 36. Rxe6+ Kf7 37. R6e4 g3 38. R1e2 Bf2 39.
Rf4+ Kg6 40. Rfxf2 gxf2 1/2-1/2

[Event "Elit(LASK-Manhem)"]
[Site "?"]
[Date "2010.02.27"]
[Round "8"]
[White "Kinnmark, Ove"]
[Black "Dragicevic, Drazen"]
[Result "1/2-1/2"]
[WhiteElo "2264"]
[BlackElo "2337"]
[PlyCount "76"]

1. e4 c5 2. Nf3 Nc6 3. Bb5 g6 4. O-O Bg7 5. c3 Nf6 6. e5 Nd5 7. d4 cxd4 8. cxd4
O-O 9. Nc3 Nc7 10. h3 Nxb5 11. Nxb5 a6 12. Nc3 d6 13. Bf4 dxe5 14. dxe5 Qb6 15.
Qe2 Rd8 16. Rfd1 Be6 17. Rac1 h6 18. Bg3 Nd4 19. Nxd4 Rxd4 20. Rxd4 Qxd4 21.
Rd1 Qc5 22. a3 Rc8 23. Kh2 b5 24. Ne4 Qc4 25. Qe3 b4 26. Rd4 Qc7 27. axb4 Bxe5
28. Bxe5 Qxe5+ 29. f4 Qc7 30. Nc5 Qc6 31. Nxe6 Qxe6 32. Re4 Qf6 33. Rxe7 Rc2
34. b3 Rc3 35. Qe5 Qxe5 36. fxe5 Rxb3 37. e6 fxe6 38. Rxe6 Kf7 1/2-1/2

[Event "Elit(LASK-Manhem)"]
[Site "?"]
[Date "2010.02.27"]
[Round "8"]
[White "Gajic, Mladen"]
[Black "Liljedahl, Lennart"]
[Result "1-0"]
[WhiteElo "2337"]
[BlackElo "2234"]
[PlyCount "76"]

1. e4 d5 2. exd5 Qxd5 3. Nc3 Qa5 4. d4 Nf6 5. Bc4 c6 6. Qe2 Bf5 7. Bd2 Qb6 8.
Nf3 e6 9. O-O-O Bg4 10. h3 Bxf3 11. Qxf3 Nbd7 12. Rhe1 O-O-O 13. g4 h6 14. Bb3
g5 15. Kb1 Rh7 16. Na4 Qc7 17. c4 Kb8 18. Bc3 Be7 19. Bc2 Rhh8 20. d5 e5 21.
dxc6 bxc6 22. b3 Rhe8 23. Bf5 Ka8 24. Rd2 Ba3 25. Bxd7 Nxd7 26. Qxf7 Re7 27.
Qg6 Nb8 28. Rxd8 Qxd8 29. Kc2 Qf8 30. Re2 e4 31. Qf6 Rf7 32. Qd4 Rf3 33. c5
Rxh3 34. Rxe4 Rf3 35. Be1 Qf7 36. Kd1 h5 37. Ke2 h4 38. Qh8 h3 1-0

[Event "Elit(Upsala-Rockaden,Sthlm)"]
[Site "?"]
[Date "2010.02.27"]
[Round "8"]
[White "Barkhagen, Jonas"]
[Black "Johansson, Jan"]
[Result "1/2-1/2"]
[WhiteElo "2517"]
[BlackElo "2430"]
[PlyCount "125"]
[SourceDate "2010.03.03"]

1. d4 Nf6 2. c4 e6 3. Nc3 Bb4 4. Qc2 O-O 5. a3 Bxc3+ 6. Qxc3 b5 7. cxb5 c6 8.
Bg5 cxb5 9. e3 Bb7 10. Nf3 a6 11. Bd3 d6 12. O-O Nbd7 13. a4 Rc8 14. Qd2 Bxf3
15. gxf3 Ne4 16. Bxe4 Qxg5+ 17. Kh1 Nf6 18. Bd3 e5 19. dxe5 dxe5 20. Qe2 Rb8
21. axb5 axb5 22. Ra5 g6 23. Rxb5 Rxb5 24. Bxb5 e4 25. Bc6 Qh5 26. Re1 Rb8 27.
Bxe4 Qe5 28. Bc2 Rxb2 29. Rb1 Kg7 30. Rxb2 Qxb2 31. Qc4 Qe5 32. Bb3 Qe7 33. Kg2
Ng8 34. f4 Nf6 35. Qc3 Kg8 36. f3 Kg7 37. Kg3 Kg8 38. Kg2 Kg7 39. Qd4 Qa3 40.
Qc4 Qe7 41. Qc3 Qd6 42. Kf1 Qe7 43. Ke2 Qd7 44. Qc4 Nh5 45. Qd5 Qxd5 46. Bxd5
Kf6 47. Kd3 Ke7 48. Kd4 Kf6 49. Bb7 Ng7 50. Bc8 Nh5 51. Kd5 Ke7 52. Ke5 Ng7 53.
Bh3 Ne8 54. Bf1 Nd6 55. Bd3 Ne8 56. Kd4 Nd6 57. Kd5 Ne8 58. Ke5 Ng7 59. f5 f6+
60. Kd4 g5 61. Kd5 Ne8 62. Bc2 Nd6 63. Bd3 1/2-1/2

[Event "Elit(Upsala-Rockaden,Sthlm)"]
[Site "?"]
[Date "2010.02.27"]
[Round "8"]
[White "Andersson, Fredrik"]
[Black "Bator, Robert"]
[Result "1/2-1/2"]
[WhiteElo "2331"]
[BlackElo "2500"]
[PlyCount "109"]
[EventDate "2010.??.??"]

1. d4 d5 2. c4 c6 3. Nf3 Nf6 4. e3 Bf5 5. Nc3 e6 6. Nh4 Bg6 7. Nxg6 hxg6 8. c5
b6 9. b4 a5 10. Na4 Nfd7 11. b5 bxc5 12. dxc5 Nxc5 13. Nxc5 Bxc5 14. bxc6 Qd6
15. Bd2 O-O 16. h4 Nxc6 17. Bb5 Ne5 18. O-O f5 19. Be2 Bb4 20. Rb1 Rfc8 21.
Bxb4 axb4 22. Qd2 Nc4 23. Bxc4 Rxc4 24. g3 Ra3 25. Rb2 Rac3 26. Qe2 Rg4 27.
Rfb1 Kh7 28. Rd1 e5 29. Qb5 Rc5 30. Qb7 Rc6 31. Qb5 Rc5 32. Qb7 Ra5 33. Rdb1 d4
34. Qxb4 Qxb4 35. Rxb4 Rxa2 36. exd4 Rxd4 37. Rxd4 exd4 38. Rd1 Ra4 39. Kf1 Kh6
40. Ke2 g5 41. hxg5+ Kxg5 42. Kf3 Kf6 43. g4 Ra3+ 44. Ke2 Ra2+ 45. Kf3 Ra3+ 46.
Ke2 d3+ 47. Rxd3 Rxd3 48. Kxd3 fxg4 49. Ke4 g5 50. f4 Kg6 51. Ke3 Kf5 52. fxg5
Kxg5 53. Kf2 Kf4 54. Kg2 g3 55. Kg1 1/2-1/2

[Event "Elit(Upsala-Rockaden,Sthlm)"]
[Site "?"]
[Date "2010.02.27"]
[Round "8"]
[White "Engqvist, Thomas"]
[Black "Burwick, Malte"]
[Result "1/2-1/2"]
[WhiteElo "2450"]
[BlackElo "2270"]
[PlyCount "84"]

1. c4 e5 2. g3 Nf6 3. Bg2 d6 4. Nc3 g6 5. Nf3 Bg7 6. d4 Nbd7 7. O-O O-O 8. h3
c6 9. Qc2 Re8 10. Be3 Nb6 11. dxe5 dxe5 12. Rad1 Qe7 13. b3 Bf5 14. Qc1 Ne4 15.
Nb1 Be6 16. Kh2 f5 17. Bh6 Rad8 18. Bxg7 Qxg7 19. Qe3 h6 20. Rd3 Ra8 21. Rdd1
Nd7 22. Qc1 a5 23. Qb2 Kh7 24. Qc2 Qe7 25. Nh4 Ndf6 26. Nf3 Qc5 27. e3 Bf7 28.
Ne1 Qe7 29. Nd3 Nc5 30. Nc1 Nfd7 31. f4 Nf6 32. Qb2 Nfe4 33. Ne2 exf4 34. exf4
Rad8 35. Ng1 Nd3 36. Qc2 Nb4 37. Qb2 Nd3 38. Qe2 Nec5 39. Qxe7 Rxe7 40. Nc3
Rde8 41. Rd2 Re3 42. Nd1 R3e7 1/2-1/2

[Event "Elit(Upsala-Rockaden,Sthlm)"]
[Site "?"]
[Date "2010.02.27"]
[Round "8"]
[White "Lundvik, Jonas"]
[Black "Blomqvist, Erik"]
[Result "1-0"]
[WhiteElo "2330"]
[BlackElo "2497"]
[PlyCount "45"]

1. d4 d5 2. Nf3 Nf6 3. g3 Bg4 4. Bg2 c6 5. c4 e6 6. Ne5 Bf5 7. O-O Nbd7 8. cxd5
exd5 9. Nc3 Nxe5 10. dxe5 Nd7 11. f4 Nc5 12. Be3 h5 13. Rc1 Ne6 14. Bf2 d4 15.
Qa4 dxc3 16. Bxc6+ bxc6 17. Qxc6+ Ke7 18. Qxc3 f6 19. e4 Bg4 20. f5 Ng5 21.
Qc5+ Kf7 22. Qc4+ Ne6 23. Qxe6# 1-0

[Event "Elit(Upsala-Rockaden,Sthlm)"]
[Site "?"]
[Date "2010.02.27"]
[Round "8"]
[White "Hedman, Erik"]
[Black "Lindberg, Henrik"]
[Result "1-0"]
[WhiteElo "2438"]
[BlackElo "2265"]
[PlyCount "159"]

1. e4 c5 2. Nf3 e6 3. d4 cxd4 4. Nxd4 Nf6 5. Nc3 d6 6. g3 Nc6 7. Bg2 Qc7 8.
Ndb5 Qb8 9. Bf4 Ne5 10. Qd4 a6 11. O-O-O axb5 12. Bxe5 Bd7 13. Bxd6 Bxd6 14.
Qxd6 Qxd6 15. Rxd6 b4 16. Nd1 Rxa2 17. Rb6 Bc6 18. Rxb4 Ke7 19. Kd2 h5 20. h4
Rd8+ 21. Ke2 Ra1 22. Ne3 Rxh1 23. Bxh1 Ra8 24. Bf3 Ra5 25. Bg2 Rc5 26. c3 g6
27. f4 e5 28. Bf3 Kd6 29. Nc2 Kd7 30. Ke3 Ra5 31. Rc4 Kd6 32. Nb4 Nd7 33. Nd3
Ra1 34. Bg2 Rg1 35. Kf2 Rb1 36. fxe5+ Nxe5 37. Rd4+ Ke6 38. Bh3+ Kf6 39. b4
Nxd3+ 40. Rxd3 Bxe4 41. Rd7 Rc1 42. Rc7 Bc6 43. Bc8 Rxc3 44. b5 Rf3+ 45. Ke2
Rxg3 46. bxc6 bxc6 47. Rxc6+ Kg7 48. Rc7 Kf6 49. Bd7 g5 50. Be8 gxh4 51. Rxf7+
Ke5 52. Rh7 h3 53. Bxh5 Ra3 54. Bf3 h2 55. Kf2 Kf4 56. Rh4+ Ke5 57. Rxh2 Ra2+
58. Be2 Kf4 59. Rh4+ Kg5 60. Rb4 Kf5 61. Ke3 Ke5 62. Rb5+ Kd6 63. Bc4 Rh2 64.
Bd3 Ra2 65. Kd4 Ra4+ 66. Bc4 Ra1 67. Rb6+ Kc7 68. Rg6 Ra5 69. Bb3 Ra3 70. Bd5
Ra4+ 71. Ke5 Ra1 72. Rc6+ Kd7 73. Rb6 Re1+ 74. Be4 Kc7 75. Rb7+ Kc8 76. Rg7 Kb8
77. Kd5 Rc1 78. Kd6 Rc7 79. Rg1 Rc3 80. Ra1 1-0

[Event "Elit(Upsala-Rockaden,Sthlm)"]
[Site "?"]
[Date "2010.02.27"]
[Round "8"]
[White "Marttala, Thomas"]
[Black "Berowski, Krum"]
[Result "1-0"]
[WhiteElo "2292"]
[BlackElo "2328"]
[PlyCount "45"]

1. e4 e6 2. Nc3 d5 3. Nf3 Nf6 4. exd5 exd5 5. d4 Bg4 6. Be2 c6 7. h3 Bh5 8. Bg5
h6 9. Bf4 Bd6 10. Qd2 Qc7 11. Qe3+ Kf8 12. Bxd6+ Qxd6 13. g4 Bg6 14. Ne5 Bxc2
15. Rc1 Bh7 16. Qf4 Qe6 17. g5 hxg5 18. Qxg5 Nbd7 19. f4 Bf5 20. h4 Ne8 21. Kd2
f6 22. Ng6+ Kg8 23. Qxf5 1-0

[Event "Elit(Upsala-Rockaden,Sthlm)"]
[Site "?"]
[Date "2010.02.27"]
[Round "8"]
[White "Bryntze, Stefan"]
[Black "Fallman, Micael"]
[Result "1-0"]
[WhiteElo "2251"]
[BlackElo "2198"]
[PlyCount "75"]

1. f4 d5 2. e3 Nf6 3. b3 g6 4. Bb2 Bg7 5. Nf3 O-O 6. Be2 c5 7. O-O Nc6 8. Bb5
Bg4 9. Bxc6 bxc6 10. d3 a5 11. Nbd2 a4 12. Qe1 Bxf3 13. Nxf3 a3 14. Be5 Nd7 15.
Bxg7 Kxg7 16. Qc3+ Kg8 17. Rae1 Qa5 18. Qa1 Qc7 19. Re2 Rad8 20. Qe1 Qd6 21.
Qc1 Ra8 22. e4 dxe4 23. dxe4 c4 24. Kh1 Qc5 25. Qe1 cxb3 26. cxb3 Rfd8 27. Ng5
h6 28. Nf3 Nf6 29. e5 Nh7 30. f5 g5 31. f6 exf6 32. exf6 Nxf6 33. Ne5 Qd6 34.
Qb1 Ra7 35. Qf5 Kg7 36. Rd2 Qe7 37. Rxd8 Qxd8 38. Nxc6 1-0

[Event "Elit(Upsala-Rockaden,Sthlm)"]
[Site "?"]
[Date "2010.02.27"]
[Round "8"]
[White "Johansson, Carl Fredrik"]
[Black "Zadruzny, Nicolaj"]
[Result "0-1"]
[WhiteElo "2249"]
[BlackElo "2311"]
[PlyCount "120"]

1. d4 e6 2. c4 f5 3. Nf3 Nf6 4. g3 Bb4+ 5. Bd2 Qe7 6. Bg2 O-O 7. O-O Bxd2 8.
Qxd2 Ne4 9. Qc2 d6 10. Nc3 Nxc3 11. Qxc3 Nd7 12. b4 e5 13. dxe5 dxe5 14. c5 e4
15. Nd2 Nf6 16. f3 e3 17. Qb3+ Qe6 18. Nc4 f4 19. Rfd1 Bd7 20. gxf4 Rae8 21.
Ne5 Bc8 22. c6 bxc6 23. Nxc6 Nh5 24. Nxa7 Nxf4 25. Nxc8 Nxe2+ 26. Kh1 Qxb3 27.
axb3 Rxc8 28. Re1 Nd4 29. Rad1 Nf5 30. Bh3 Rce8 31. Rd3 Nh4 32. Rdxe3 Rxe3 33.
Rxe3 Rxf3 34. Be6+ Kf8 35. Rxf3+ Nxf3 36. Bd5 Nd4 37. Kg2 Ke7 38. Bg8 h6 39.
Kg3 Nc2 40. b5 Na3 41. Kf4 Nxb5 42. Ke5 Nd6 43. Kd5 Nf5 44. Bh7 Ne3+ 45. Kc6
Kd8 46. Be4 g5 47. Kc5 Kd7 48. Bd3 Ng2 49. Bb5+ Ke7 50. Kd5 Nf4+ 51. Ke5 Ng6+
52. Kd5 h5 53. Ke4 Kf6 54. Be8 g4 55. b4 h4 56. Bb5 h3 57. Be2 Kg5 58. b5 Nf4
59. Bf1 Ng2 60. Ke5 g3 0-1

[Event "Elit(Team Viking-Farsta)"]
[Site "?"]
[Date "2010.02.27"]
[Round "8"]
[White "Livner, Anders"]
[Black "Kotronias, Vassilios"]
[Result "0-1"]
[WhiteElo "2386"]
[BlackElo "2706"]
[PlyCount "96"]
[EventDate "2010.??.??"]

1. d4 Nf6 2. c4 g6 3. g3 Bg7 4. Bg2 O-O 5. Nc3 d6 6. Nf3 Nbd7 7. O-O e5 8. e4
c6 9. b3 Qb6 10. Bb2 exd4 11. Na4 Qc7 12. Qxd4 a6 13. Rad1 b5 14. cxb5 axb5 15.
Nc3 Re8 16. Rfe1 Bf8 17. Nd2 Qb8 18. a3 Ne5 19. h3 Bg7 20. Qe3 c5 21. Nf3 Nfd7
22. Nxe5 Nxe5 23. f4 Nc6 24. e5 Nd4 25. Bxa8 Qxa8 26. Ne4 dxe5 27. fxe5 Bxh3
28. Bxd4 cxd4 29. Qxd4 Bxe5 30. Nf6+ Kh8 31. Qf2 Re6 32. Nd7 Bc3 33. Rxe6 Bxe6
34. Nc5 Bg4 35. Rd3 Qxa3 36. Qe3 Qa1+ 37. Kh2 Qb2+ 38. Kg1 Bh3 39. Qf2 Qc1+ 40.
Kh2 Bf5 41. Rf3 Qh6+ 42. Kg1 Qg7 43. Re3 Qd4 44. Kh2 Kg7 45. Na6 Qb6 46. Rf3
Bd4 47. Qa2 Bg1+ 48. Kg2 Be4 0-1